000 00666nam a2200229Ii 4500
003 JO-AjNU
008 230605s9999||||xx |||||||||||||| ||und||
017 _a1426/5344
020 _a9960-730-79-4
040 _aJO-AjNU
_bara
_erda
_cJO-AjNU
041 _aara
050 1 4 _aBP137 2005
100 3 _aالشلهوب، فؤاد عبد العزيز,
_eauthor
_948614
245 0 0 _aقصص الأنبياء
250 _aط1
264 3 1 _aالرياض: دار القاسم ، 2005
300 _a112ص
336 _atext
_btxt
_2rdacontent
337 _aunmediated
_bn
_2rdamedia
338 _avolume
_bnc
_2rdacarrier
650 4 _aقصص الانبياء
_948615
999 _aA21302
_c24870
_d24870